Argentina Current Squad - Statistics

General Stats
  • This quiz has been taken 153 times
    52 since last reset
  • The average score is 16 of 30
Answer Stats
Role Club Player Name % Correct
Goalkeeper Aston Villa Emiliano Martínez
97%
Forward Inter Milan Lautaro Martínez
97%
Forward Inter Miami Lionel Messi
92%
Forward Atlético Madrid Julián Álvarez
90%
Defender Tottenham Hotspur Cristian Romero
85%
Midfielder Chelsea Enzo Fernández
79%
Defender Benfica Nicolás Otamendi
77%
Midfielder Atlético Madrid Rodrigo De Paul
77%
Goalkeeper Olympique Marseille Gerónimo Rulli
74%
Defender Atlético Madrid Nahuel Molina
74%
Midfielder Bayer Leverkusen Exequiel Palacios
67%
Forward Atlético Madrid Ángel Correa
64%
Midfielder AS Roma Leandro Paredes
64%
Coach - Lionel Scaloni
64%
Forward Atlético Madrid Giuliano Simeone
59%
Defender Villarreal Juan Foyth
54%
Defender Without Club Nicolás Tagliafico
54%
Midfielder Como Nico Paz
54%
Forward Juventus Nicolás González
51%
Midfielder Aston Villa Emiliano Buendía
49%
Defender Olympique Marseille Leonardo Balerdi
36%
Midfielder Real Betis Giovani Lo Celso
31%
Midfielder Botafogo Thiago Almada
28%
Goalkeeper Crystal Palace Walter Benítez
28%
Defender Olympique Marseille Facundo Medina
26%
Forward River Plate Franco Mastantuono
21%
Midfielder Strasbourg Valentín Barco
18%
Midfielder Aston Villa Enzo Barrenechea
15%
Defender Independiente Kevin Lomónaco
5%
Defender Belgrano Mariano Troilo
3%
No matching quizzes found
Score Distribution
Percent of People with Each Score
Percentile by Number Answered
Your Score History
You have not taken this quiz since the last reset